Influence of oxidation states on plutonium mobility during long-term transport through an unsaturated subsurface environment /
में बचाया:
| अन्य लेखक: | , , , , , , |
|---|---|
| स्वरूप: | लेख |
| भाषा: | English |
| विषय: | |
| टैग : |
टैग जोड़ें
कोई टैग नहीं, इस रिकॉर्ड को टैग करने वाले पहले व्यक्ति बनें!
|
| Thư viện lưu trữ: | Thư viện Trường Đại học Đà Lạt |
|---|
| LEADER | 01189nam a2200385 4500 | ||
|---|---|---|---|
| 001 | DLU090094979 | ||
| 005 | ##20091201 | ||
| 040 | # | # | |a DLU |b eng |
| 041 | # | # | |a eng |
| 044 | # | # | |a us |
| 245 | # | # | |a Influence of oxidation states on plutonium mobility during long-term transport through an unsaturated subsurface environment / |c Daniel I. Kaplan ... [et al.]. |
| 653 | # | # | |a Geochemistry |
| 653 | # | # | |a Oxidation reduction |
| 653 | # | # | |a Plutonium |
| 653 | # | # | |a Radioactive pollution |
| 653 | # | # | |a Radioactive waste |
| 653 | # | # | |a Radioisotope |
| 653 | # | # | |a Unsaturated zone |
| 700 | # | # | |a Coates, John T. |
| 700 | # | # | |a Demirkanli, Deniz I. |
| 700 | # | # | |a Fjeld, Robert A. |
| 700 | # | # | |a Kaplan, Daniel I. |
| 700 | # | # | |a Molz, Fred J. |
| 700 | # | # | |a Powell, Brian A. |
| 700 | # | # | |a Serkiz, Steven M. |
| 773 | # | # | |t Environmental Science & Technology |g Vol. 38, no. 19 (October 2004), p. 5053-5058 |
| 920 | # | # | |a Phòng Tạp chí -- Trung tâm Thông tin - Thư viện Trường Đại học Đà Lạt |
| 994 | # | # | |a DLU |
| 900 | # | # | |a True |
| 911 | # | # | |a Trương Bảo Trâm Anh |
| 925 | # | # | |a G |
| 926 | # | # | |a A |
| 927 | # | # | |a BB |
| 980 | # | # | |a Thư viện Trường Đại học Đà Lạt |